00604nam a2200145Ia 4500008004100000082001900041100002000060245005000080260002600130630001800156650012900174942000900303952012900312999001700441211109s9999||||xx |||||||||||||| ||und|| a894.812bJAY-T aJayasukumaran,  0aTharjama: Sidhantavum Prayogavum Malayalathil bThapasamaDelhic1997 xGeneral Stack aLiterature & rhetoricvLiteratures of other languagesxAltaic, Uralic, Hyperborean & Dravidianmalayalam literature Generalia cBOOK 00104070aSBCLbSBCLc2d2021-11-09g100.00l8o894.812 JAY-Tp00098631r2025-03-25 13:02:24s2025-03-10w2021-11-09yBOOK c55892d55892